| 000 | 01722nam0a2200433 i 4500 | ||
|---|---|---|---|
| 001 | RU\NLR\BIBL_A\010523516 | ||
| 005 | 20260408163329.0 | ||
| 010 | _a9785971009115 | ||
| 021 |
_aRU _b2014-64854 _93952 |
||
| 035 | _a(NILC)LIBNET\0000470151 | ||
| 035 | _aROSTOV\BIBL\z0000732256 | ||
| 035 | _a(NLR Aleph) 010523516 | ||
| 090 |
_a10223872 _c10223872 |
||
| 100 | _a20141105d2014 um y0rusy50 ca | ||
| 101 | 0 | _arus | |
| 102 | _aRU | ||
| 105 | _aa|||z||||01yy | ||
| 200 | 1 |
_aТехнология литья художественных изделий _fВ. Б. Лившиц |
|
| 210 |
_aМосква _cЛЕНАНД _d2014 |
||
| 215 |
_a260. [1] с. _cил. |
||
| 300 | _aНа 4-й с. обл. авт.: В. Б. Лившиц, доц. | ||
| 320 | _aБиблиогр. в конце кн. (25 назв.) | ||
| 320 | _aДр. произведения авт. на 4-й с. обл. | ||
| 606 | 1 |
_aЮвелирные изделия _xЛитье _92414688 _3RU\NLR\AUTH\661438433 |
|
| 606 |
_aХудожественное литье _3RU\NLR\AUTH\66395687 _91031378 |
||
| 610 | 0 | _aХудожественные изделия | |
| 610 | 0 | _aХудожественное литье | |
| 610 | 0 | _aТехнология | |
| 686 |
_a34.799.8 _vLBC/M _2rubbk |
||
| 686 | 1 | _aК799.81 | |
| 686 | 1 | _aМ772.01 | |
| 700 | 1 |
_8rus _7ca _aЛившиц _bВ. Б. _cканд. техн. наук _gВиктор Борисович _3RU\NLR\AUTH\77110078 _993003 |
|
| 801 | 0 |
_aRU _bДонская ГПБ _c20140731 _grcr |
|
| 801 | 1 |
_aRU _bДонская ГПБ _c20140731 _2rusmarc |
|
| 801 | 2 |
_aRU _bДонская ГПБ _c20140813 _2rusmarc |
|
| 942 | _cBOOK | ||
| 980 | _aNBR | ||